MARC

Tag First Indicator Second Indicator Subfields
LEADER 00000cam a2200000 4500
001 in00000068997
005 20151008051350.0
008 721214s1958 nyu 00000 eng u
010 |a  59000886  
035 |a (OCoLC)00517694 
035 |9 AAG7420AM 
040 |c CSU  |d TXA  |d UtOrBLW 
049 |a TXAM  |c [428746]  |c 2 [294393] 
050 0 |a HF1558 1958  |b .C6 
092 |a 338.9147  |b C726r 
110 2 |a CBS News. 
245 1 4 |a The ruble war /  |c by CBS News correspondents Howard K. Smith [and others]. 
264 1 |a Buffalo :  |b Smith, Keynes & Marshall,  |c [1958] 
300 |a 71 pages ;  |c 21 cm. 
336 |a text  |b txt  |2 rdacontent 
337 |a unmediated  |b n  |2 rdamedia 
338 |a volume  |b nc  |2 rdacarrier 
490 0 |a Economica books on economics, politics and business, E-14 
650 0 |a Technical assistance, Soviet. 
650 0 |a Economic assistance, Soviet. 
651 0 |a Soviet Union  |x Foreign economic relations. 
700 1 |a Smith, Howard K.  |q (Howard Kingsbury),  |d 1914-2002. 
999 |a MARS 
999 f f |s 741ae4ce-2ac8-39cb-a727-848f4e246901  |i 1953e058-22be-3b6d-b443-b8366a9b87eb  |t 0 
952 f f |p ric  |a Texas A&M University  |b Rellis Campus  |c Joint Library Facility  |d Remote Storage  |t 0  |e HF1558 1958 .C6  |h Library of Congress classification  |i unmediated -- volume  |m A14800773804 
998 f f |a HF1558 1958 .C6  |t 0  |l Remote Storage